Cassell dictionary of cliches
Αποθηκεύτηκε σε:
| Κύριος συγγραφέας: | |
|---|---|
| Μορφή: | Βιβλίο |
| Γλώσσα: | English |
| Δημοσίευση: |
London :
Cassell,
c1996
|
| Θέματα: | |
| Ετικέτες: |
Προσθήκη ετικέτας
Δεν υπάρχουν, Καταχωρήστε ετικέτα πρώτοι!
|
MARC
| LEADER | 00000nam a2200000 i 4500 | ||
|---|---|---|---|
| 001 | 1/85293 | ||
| 008 | 990701s1996 eng d | ||
| 020 | |a 0304346985 | ||
| 035 | |l 10051804 | ||
| 040 | |a GR-MY-UA |b gre |e aacr | ||
| 041 | 0 | |a eng | |
| 082 | 0 | |a 423.1 | |
| 100 | 1 | |a Rees, Nigel |d 1944- | |
| 245 | 1 | 0 | |a Cassell dictionary of cliches / |c Nigel Rees |
| 260 | |a London : |b Cassell, |c c1996 | ||
| 300 | |a 288 p. | ||
| 650 | 0 | 0 | |a Cliches |x Dictionaries. |
| 650 | 0 | 0 | |a English language |x Usage |x Dictionaries. |
| 650 | 0 | 0 | |a Figures of speech. |
| 852 | |a INST |b LESVOS |e 19990701 |h 423.1 REE |p 005100019961 |q 005100019961 |t REF |y 23 | ||
| 901 | |a BIBL1-1999-2 | ||
| 909 | |a Λ |b 062698 | ||
| 922 | |a 1ΕΛΗ |b 199812 |c ΚΠΣ/ΚΥΒ |d LEADER | ||
| 950 | |a 023-1998-09-14 | ||
| 970 | |a ΤΖΑΦΕΡΗ |b ΕΥΑΓΓΕΛΙΑ |z 1999/07/07 | ||